| 000 | 00395cam a2200169ua 4500 | ||
|---|---|---|---|
| 020 | _c1.00 | ||
| 041 |
_amal _h |
||
| 082 |
_a894.812 _bMAT/AT |
||
| 100 | _aMathew, P M . | ||
| 245 |
_aAtcha gnan evideninnu vannu / _cP M Mathew. _hTextual Documents |
||
| 260 |
_a : _bMrs S Mathew , _c1970. |
||
| 300 | _a35 ; . | ||
| 365 | _a1.00 | ||
| 504 | _a | ||
| 942 | _cBK | ||
| 999 |
_c6305 _d6305 |
||